• 首页
  • 本馆介绍
  • 公告通知
  • 最新文献
  • 馆藏检索
  • 电子资源
  • 读者导购
  • 参考咨询
  • 我的图书馆
  • 登录
  • 详细信息显示
  • 放入我的书架
  • 预约/预借图书
  • 作者相关作品
  • 分类相关作品
  • 丛书相关作品
  • 出版社相关作品

书目信息

  • 表格格式
  • 工作单格式
  • 卡片格式
题名:
古代埃及
    
 
作者: 周庆基 著
分册:  
出版信息: 北京   商务印书馆  1982
页数: 42页
开本: 19cm
丛书名: 外国历史小丛书
单 册:
中图分类: K411.2
科图分类:
主题词: 古代史-埃及
电子资源:
ISBN:
000 00677nam2 2200265 45
001 0182001202
005 20060725104954.40
010    @dCNY0.16
091    @aCN@b11017.5555
100    @a19950525d1982 em y0chiy0121 ea
101 0  @achi
102    @aCN@b110000
105    @af z 000yy
200 10 @a古代埃及@Agu dai ai ji@f周庆基著
210    @a北京@c商务印书馆@d1982
215    @a42页@c图@d19cm
225 2  @a外国历史小丛书
410  0 @120010@a外国历史小丛书
606    @a古代史-埃及
607    @a埃及-古代史
690    @aK411.2@v3
701  0 @a周庆基@Azhou qing ji@4著
801  0 @aCN@bTSSF@c20060725
801  2 @aCN@bNLC@c20060725
905    @a10447@dK411.2@e3
    
    古代埃及/周庆基著.-北京:商务印书馆,1982
    42页:图;19cm.-(外国历史小丛书)
    
    
    ISBN :CNY0.16
    
●
相关链接 在E读中查询图书 在五车中查询图书 在当当中查询图书 在豆瓣中查询图书


正题名:古代埃及     索取号:K411.2/3         预约/预借

序号 登录号 条形码 馆藏地/架位号 状态 备注
1 0436060   204360609   密集书库/ [索取号:K411.2/3] 在馆    
2 0436061   204360618   密集书库/ [索取号:K411.2/3] 在馆    
3 0436062   204360627   密集书库/ [索取号:K411.2/3] 在馆    
4 0436121   204361216   密集书库/ [索取号:K411.2/3] 在馆    
唐山师范学院图书馆 欢迎您!
大连网信软件有限公司© 版权所有